000
00247nam a22001217a 4500
008
190206b xxu||||| |||| 00| 0 eng d
041
_a
eng
080
_a
530
100
_a
43
101
_a
FIZ
245
_a
Physics
_c
Heath,D.C
942
_2
udc
_c
BK
999
_c
54093
_d
54093